PRINCIPLES OF MICROECONOMICS (Record no. 22660)

MARC details
000 -LEADER
fixed length control field 00306nam a22001457a 4500
003 - CONTROL NUMBER IDENTIFIER
control field SGT
020 ## - INTERNATIONAL STANDARD BOOK NUMBER
International Standard Book Number 9789352837311
082 ## - DEWEY DECIMAL CLASSIFICATION NUMBER
Classification number 339
Item number AHU
100 ## - MAIN ENTRY--PERSONAL NAME
Personal name AHUJA, H.L.
245 ## - TITLE STATEMENT
Title PRINCIPLES OF MICROECONOMICS
250 ## - EDITION STATEMENT
Edition statement 22TH
260 ## - PUBLICATION, DISTRIBUTION, ETC. (IMPRINT)
Place of publication, distribution, etc INDIA
Name of publisher, distributor, etc S.CHAND
Year of Publication 2021
300 ## - PAGE DESCRIPTION
No. of Pages 850
942 ## - ADDED ENTRY ELEMENTS (KOHA)
Source of classification or shelving scheme Dewey Decimal Classification
Koha item type Books
942 ## - ADDED ENTRY ELEMENTS (KOHA)
-- 33
Holdings
Withdrawn status Lost status Source of classification or shelving scheme Damaged status Not for loan Collection code Home library Current library Shelving location Date acquired Vendor Name Cost, normal purchase price SGTU Bill Number Total Checkouts Full call number Accession No. (Barcode) Date last seen Date last borrowed Bill Date Koha item type
    Dewey Decimal Classification     COMMERCE MANAGEMENT SGT Science & Social Sciences Library SGT Science & Social Sciences Library Text Book 22/04/2022 ABC 425.00 SGTU 14295 11 339 AHU CM6672 11/12/2025 11/12/2025   Books
    Dewey Decimal Classification     COMMERCE MANAGEMENT SGT Science & Social Sciences Library SGT Science & Social Sciences Library Text Book 22/04/2022 ABC 425.00 SGTU 14295 12 339 AHU CM6673 12/05/2026 01/05/2026   Books
    Dewey Decimal Classification     COMMERCE MANAGEMENT SGT Science & Social Sciences Library SGT Science & Social Sciences Library Text Book 22/04/2022 ABC 425.00 SGTU 14295 13 339 AHU CM6674 07/05/2026 23/04/2026   Books
    Dewey Decimal Classification     COMMERCE MANAGEMENT SGT Science & Social Sciences Library SGT Science & Social Sciences Library Text Book 22/04/2022 ABC 425.00 SGTU 14295 9 339 AHU CM6675 27/02/2026 17/02/2026   Books
    Dewey Decimal Classification     COMMERCE MANAGEMENT SGT Science & Social Sciences Library SGT Science & Social Sciences Library Text Book 22/04/2022 ABC 425.00 SGTU 14295 11 339 AHU CM6676 05/03/2026 17/02/2026   Books